Louis Althusser (Record no. 21659)
[ view plain ]
| 000 -LEADER | |
|---|---|
| campo de control de longitud fija | 00569nam a2200193 i 4500 |
| 001 - NÚMERO DE CONTROL | |
| campo de control | 21659 |
| 003 - IDENTIFICADOR DE NÚMERO DE CONTROL | |
| campo de control | ES-MaACL |
| 005 - FECHA Y HORA DE LA ÚLTIMA TRANSACCIÓN | |
| campo de control | 20230906152525.0 |
| 007 - CAMPO FIJO DE DESCRIPCIÓN FÍSICA--INFORMACIÓN GENERAL | |
| campo de control de longitud fija | t| |
| 008 - DATOS DE LONGITUD FIJA--INFORMACIÓN GENERAL | |
| campo de control de longitud fija | 021127s1976 sp ||||1| spa d |
| 100 1# - ENTRADA PRINCIPAL--NOMBRE DE PERSONA | |
| Nombre de persona | Albiac, Gabriel. |
| 9 (RLIN) | 19376 |
| 245 10 - MENCIÓN DEL TÍTULO | |
| Título | Louis Althusser |
| Resto del título | : cuestiones del leninismo... / |
| Mención de responsabilidad, etc. | Gabriel Albiac. |
| 260 ## - PUBLICACIÓN, DISTRIBUCIÓN, ETC. | |
| Lugar de publicación, distribución, etc. | [Bilbao : |
| Nombre del editor, distribuidor, etc. | Zero, |
| Fecha de publicación, distribución, etc. | 1976] |
| 300 ## - DESCRIPCIÓN FÍSICA | |
| Extensión | 119 p. ; |
| Dimensiones | 20 cm. |
| 490 1# - MENCIÓN DE SERIE | |
| Mención de serie | Biblioteca promoción del pueblo |
| 830 0# - PUNTO DE ACCESO ADICIONAL DE SERIE-TÍTULO UNIFORME | |
| Título uniforme | Biblioteca promoción del pueblo |
| 9 (RLIN) | 180624 |
| 852 ## - LOCALIZACIÓN | |
| Ubicación | ES-MaACL |
| Número de control de estantería | A-5739 |
| Sublocalización o colección | R.95109 |
| Estatus retirado | Estado de pérdida | Estado de daño | No para préstamo | Biblioteca de origen | Biblioteca actual | Ubicación en estantería | Fecha de adquisición | Fuente de adquisición | Total de préstamos | Signatura topográfica completa | Código de barras | Visto por última vez | Precio de reemplazo | Tipo de ítem Koha |
|---|---|---|---|---|---|---|---|---|---|---|---|---|---|---|
| Biblioteca del Ateneo de Madrid | Biblioteca del Ateneo de Madrid | Sala Pecera Planta 1 | 17/01/2008 | A-5739 | 1022260 | 23/02/2023 | 23/02/2023 | Libro impreso |
